| 000 | 00652nam a22002537a 4500 | ||
|---|---|---|---|
| 001 | 96653 | ||
| 003 | UA-OsUOA | ||
| 005 | 20220222131958.0 | ||
| 007 | ta | ||
| 008 | 20130320b un ||||| |||| 00| 0 ukr d | ||
| 040 |
_aUA-OsUOA _brus _cUA-OsUOA _dUA-OsUOA |
||
| 041 | _arus | ||
| 044 | _aRU | ||
| 080 | _a821.161.1 | ||
| 090 |
_a821.161.1 _bЛ50 |
||
| 100 | _aЛесков Н. | ||
| 245 | _aСобрание сочинений в шести томах | ||
| 260 |
_aМосква _bПравда _c1973 |
||
| 300 |
_a453 с. _bил. |
||
| 505 | _gТ. 4 | ||
| 650 | 7 |
_a821 Художня література _2UDC |
|
| 942 |
_cBK _2udc |
||
| 955 | _a3 | ||
| 999 |
_c382918 _d382918 |
||